MAKING OF MINISTER SMILE (Record no. 378542)

MARC details
000 -LEADER
fixed length control field 00367nam a2200145Ia 4500
008 - FIXED-LENGTH DATA ELEMENTS--GENERAL INFORMATION
fixed length control field 100122s9999 xx 000 0 und d
082 ## - DEWEY DECIMAL CLASSIFICATION NUMBER
Item number 61972
Classification number 823
100 ## - MAIN ENTRY--PERSONAL NAME
Personal name MATHUR ANURAG
245 ## - TITLE STATEMENT
Title MAKING OF MINISTER SMILE
260 ## - PUBLICATION, DISTRIBUTION, ETC. (IMPRINT)
Name of publisher, distributor, etc PENGUIN BOOKS
Date of publication, distribution, etc 2002
300 ## - PHYSICAL DESCRIPTION
Extent 219
630 ## - SUBJECT ADDED ENTRY--UNIFORM TITLE
Uniform title MAKING OF MINISTER SMILE
730 ## - ADDED ENTRY--UNIFORM TITLE
Uniform title MAKING OF MINISTER SMILE
942 ## - ADDED ENTRY ELEMENTS (KOHA)
Koha item type Book
Holdings
Withdrawn status Lost status Damaged status Not for loan Home library Current library Date acquired Cost, normal purchase price Total Checkouts Full call number Barcode Date last seen Cost, replacement price Price effective from Koha item type Public note
        S.V. Pathak Library, Vile Parle S.V. Pathak Library, Vile Parle 10/05/2002 200.00   61972 SVPPARLE-61972 01/25/2010 200.00 01/25/2010 Book ", , General, NA"